000 01279cam a2200265Ki 4500
001 voyageatraversla00cour
003 CaSfIA
005 20210119110152.0
007 cr||||
008 920427s1980 fr a 000 0 fre d
040 _aZT3
_bfre
_cZT3
_dBDF
_dCaSfIA
035 _a(OCoLC)25719608
100 1 _aCourthieu, Jean.
245 1 0 _aVoyage à travers la Franche-Comté /
_h[electronic resource]
_cJean Courthieu.
260 _aColmar-Ingersheim :
_béditions S.A.E.P.,
_c1980.
300 _a90 p. :
_bill. en noir et en coul., couv. ill. en coul. ;
_c20 x 21 cm.
490 0 _aVoyage à travers la France
651 7 _aFranche-Comté (France)
_xDescriptions et voyages.
_2ram
029 1 _aZWZ
_b02322648X
856 4 1 _uhttp://www.archive.org/details/voyageatraversla00cour
_zFree eBook from the Internet Archive
856 4 2 _uhttp://www.openlibrary.org/books/OL24619125M
_zAdditional information and access via Open Library
942 _cEB
506 _fНеобхідна авторизація на https://archive.org/ (створення облікового запису безкоштовно)
506 _fНеобхідна авторизація на https://openlibrary.org/ (створення облікового запису безкоштовно)
999 _c562786
_d562786